[Event "Deutsche Ländermeisterschaft 2021"]
[Site "Neumünster GER"]
[Date "2021.10.03"]
[Round "3"]
[White "Guo, Philipp Ziming"]
[Black "Schott, Andy"]
[Result "1-0"]
[Termination "normal"]
[Board "6.4"]
[WhiteElo "1760"]
[BlackElo "1504"]
[WhiteClock "00:41:44"]
[BlackClock "00:27:32"]
[WhiteTeam "Schleswig-Holstein"]
[BlackTeam "Mecklenburg-Vorpommern"]
[PlyCount "83"]
[WhiteFideId "16245199"]
[BlackFideId "16244940"]
[EventCountry "GER"]
[EventRounds "7"]
[EventType "team-swiss"]
[EventDate "2021.10.01"]

1. e4 {[%clk 1:30:56]} c5 {[%clk 1:30:53]} 2. Nf3 {[%clk 1:31:16]} d6 {[%clk
1:31:17]} 3. d4 {[%clk 1:31:32]} cxd4 {[%clk 1:31:40]} 4. Nxd4 {[%clk 1:31:57]}
Nf6 {[%clk 1:32:03]} 5. Nc3 {[%clk 1:32:16]} a6 {[%clk 1:32:26]} 6. Bg5 {[%clk
1:32:39]} Nbd7 {[%clk 1:32:50]} 7. Qe2 {[%clk 1:32:51]} Qa5 {[%clk 1:30:41]} 8.
f4 {[%clk 1:29:37]} e5 {[%clk 1:26:22]} 9. Nb3 {[%clk 1:24:04]} Qc7 {[%clk
1:26:37]} 10. O-O-O {[%clk 1:21:35]} h6 {[%clk 1:25:15]} 11. Bxf6 {[%clk
1:13:55]} Nxf6 {[%clk 1:25:22]} 12. Nd5 {[%clk 1:13:59]} Nxd5 {[%clk 1:24:00]}
13. exd5 {[%clk 1:13:59]} Be7 {[%clk 1:21:32]} 14. g3 {[%clk 1:04:34]} a5
{[%clk 1:13:41]} 15. Qc4 {[%clk 0:57:47]} Qxc4 {[%clk 1:02:40]} 16. Bxc4 {[%clk
0:58:12]} exf4 {[%clk 1:01:37]} 17. gxf4 {[%clk 0:57:11]} O-O {[%clk 1:00:49]}
18. Nd4 {[%clk 0:51:41]} Bf6 {[%clk 0:47:55]} 19. Nb5 {[%clk 0:48:51]} Rd8
{[%clk 0:38:23]} 20. Rde1 {[%clk 0:45:00]} Bf5 {[%clk 0:35:19]} 21. a4 {[%clk
0:36:49]} Rac8 {[%clk 0:34:28]} 22. b3 {[%clk 0:36:24]} Kf8 {[%clk 0:16:33]}
23. h4 {[%clk 0:31:18]} Rd7 {[%clk 0:11:47]} 24. h5 {[%clk 0:28:41]} Re8 {[%clk
0:07:28]} 25. Kd2 {[%clk 0:25:40]} Rxe1 {[%clk 0:04:51]} 26. Rxe1 {[%clk
0:25:55]} Bh4 {[%clk 0:04:29]} 27. Rf1 {[%clk 4:04:15]} Ke7 {[%clk 0:01:31]}
28. Nd4 {[%clk 0:21:25]} Bg4 {[%clk 0:00:46]} 29. Be2 {[%clk 0:19:33]} Bxe2
{[%clk 0:00:53]} 30. Kxe2 {[%clk 0:19:58]} Rc7 {[%clk 0:00:34]} 31. Nf5+ {[%clk
0:20:15]} Kf6 {[%clk 0:00:44]} 32. Nxh4 {[%clk 0:20:34]} Rxc2+ {[%clk 0:01:07]}
33. Kd3 {[%clk 0:20:01]} Rh2 {[%clk 0:01:24]} 34. Nf3 {[%clk 0:19:49]} Rxh5
{[%clk 0:01:11]} 35. Ke4 {[%clk 0:20:02]} Rh3 {[%clk 0:00:44]} 36. Nd4 {[%clk
0:13:25]} Rc3 {[%clk 0:00:32]} 37. Rb1 {[%clk 0:12:50]} g5 {[%clk 0:00:33]} 38.
Nb5 {[%clk 0:10:59]} Rc2 {[%clk 0:00:31]} 39. fxg5+ {[%clk 0:11:00]} Kxg5
{[%clk 0:00:31]} 40. Nxd6 {[%clk 0:11:04]} Re2+ {[%clk 0:00:31]} 41. Kf3 {[%clk
0:11:20]} Rd2 {[%clk 0:27:32]} 42. Ne4+ {[%clk 0:41:44]} 1-0

[Event "Deutsche Ländermeisterschaft 2021"]
[Site "Neumünster GER"]
[Date "2021.10.03"]
[Round "3"]
[White "Herrmann, Jakob"]
[Black "Falke, Ornella"]
[Result "1/2-1/2"]
[Termination "normal"]
[Board "6.5"]
[WhiteElo "1538"]
[BlackElo "1655"]
[WhiteClock "00:34:27"]
[BlackClock "00:28:59"]
[WhiteTeam "Mecklenburg-Vorpommern"]
[BlackTeam "Schleswig-Holstein"]
[PlyCount "87"]
[WhiteFideId "16287169"]
[BlackFideId "16207092"]
[EventCountry "GER"]
[EventRounds "7"]
[EventType "team-swiss"]
[EventDate "2021.10.01"]

1. e4 {[%clk 1:30:57]} c5 {[%clk 1:30:44]} 2. Nc3 {[%clk 1:31:13]} Nc6 {[%clk
1:30:47]} 3. Nge2 {[%clk 1:31:30]} Nf6 {[%clk 1:29:37]} 4. g3 {[%clk 1:31:00]}
g6 {[%clk 1:27:47]} 5. Bg2 {[%clk 1:30:59]} Bg7 {[%clk 1:28:09]} 6. O-O {[%clk
1:31:21]} O-O {[%clk 1:28:20]} 7. d3 {[%clk 1:30:32]} d6 {[%clk 1:24:58]} 8. h3
{[%clk 1:28:54]} Bd7 {[%clk 1:22:20]} 9. Be3 {[%clk 1:28:25]} Rb8 {[%clk
1:20:39]} 10. Qd2 {[%clk 1:24:39]} h5 {[%clk 1:11:33]} 11. Bh6 {[%clk 1:19:51]}
Qc8 {[%clk 1:11:35]} 12. Bxg7 {[%clk 1:19:35]} Kxg7 {[%clk 1:11:59]} 13. Kh2
{[%clk 1:18:14]} h4 {[%clk 1:12:04]} 14. g4 {[%clk 1:09:48]} b5 {[%clk
1:00:30]} 15. Nf4 {[%clk 1:02:14]} Nd4 {[%clk 0:57:35]} 16. Ncd5 {[%clk
0:56:54]} Nxd5 {[%clk 0:57:04]} 17. Nxd5 {[%clk 0:57:08]} e6 {[%clk 0:54:21]}
18. Nf4 {[%clk 0:54:48]} Qd8 {[%clk 0:53:02]} 19. c3 {[%clk 0:54:28]} Nc6
{[%clk 0:52:59]} 20. Rg1 {[%clk 0:48:05]} g5 {[%clk 0:50:21]} 21. Nh5+ {[%clk
0:45:03]} Kh6 {[%clk 0:50:18]} 22. f4 {[%clk 0:44:43]} f6 {[%clk 0:50:09]} 23.
Raf1 {[%clk 0:41:47]} Qe7 {[%clk 0:49:16]} 24. Rf2 {[%clk 0:40:42]} e5 {[%clk
0:47:42]} 25. fxg5+ {[%clk 0:38:52]} fxg5 {[%clk 0:47:31]} 26. Rgf1 {[%clk
0:39:05]} Rxf2 {[%clk 0:13:15]} 27. Qxf2 {[%clk 0:39:20]} Rg8 {[%clk 0:13:00]}
28. Qf6+ {[%clk 0:24:23]} Qxf6 {[%clk 0:13:08]} 29. Nxf6 {[%clk 0:24:46]} Rd8
{[%clk 0:12:16]} 30. Nd5 {[%clk 0:21:32]} Kg7 {[%clk 0:12:41]} 31. Ne3 {[%clk
0:14:38]} Rf8 {[%clk 0:12:17]} 32. Rxf8 {[%clk 0:14:26]} Kxf8 {[%clk 0:12:42]}
33. Nf5 {[%clk 0:14:50]} Bxf5 {[%clk 0:12:59]} 34. exf5 {[%clk 0:14:44]} Ne7
{[%clk 0:13:20]} 35. b3 {[%clk 0:13:50]} Kg7 {[%clk 0:09:56]} 36. c4 {[%clk
0:10:26]} bxc4 {[%clk 0:09:47]} 37. bxc4 {[%clk 0:10:50]} Ng8 {[%clk 0:03:41]}
38. Bc6 {[%clk 0:10:02]} Kf8 {[%clk 0:03:39]} 39. Kg2 {[%clk 0:10:02]} Ke7
{[%clk 0:04:02]} 40. Kf3 {[%clk 0:10:09]} Kd8 {[%clk 0:04:12]} 41. a4 {[%clk
0:05:36]} Kc7 {[%clk 0:04:31]} 42. Bd5 {[%clk 0:06:01]} Nf6 {[%clk 0:04:56]}
43. a5 {[%clk 0:06:24]} a6 {[%clk 0:28:59]} 44. Be4 {[%clk 0:34:27]} 1/2-1/2

[Event "Deutsche Ländermeisterschaft 2021"]
[Site "Neumünster GER"]
[Date "2021.10.03"]
[Round "3"]
[White "Malinowsky, Levi"]
[Black "Müller, Sophie Charlotte"]
[Result "1-0"]
[Termination "normal"]
[Board "6.6"]
[WhiteElo "1775"]
[BlackElo "1554"]
[WhiteClock "00:36:29"]
[BlackClock "00:26:14"]
[WhiteTeam "Schleswig-Holstein"]
[BlackTeam "Mecklenburg-Vorpommern"]
[PlyCount "97"]
[WhiteFideId "16253094"]
[BlackFideId "16246683"]
[EventCountry "GER"]
[EventRounds "7"]
[EventType "team-swiss"]
[EventDate "2021.10.01"]

1. e4 {[%clk 1:30:54]} d5 {[%clk 1:30:31]} 2. exd5 {[%clk 1:30:48]} Qxd5 {[%clk
1:30:55]} 3. Nc3 {[%clk 1:30:34]} Qa5 {[%clk 1:31:15]} 4. Nf3 {[%clk 1:30:00]}
Nf6 {[%clk 1:31:35]} 5. Bc4 {[%clk 1:28:22]} Bf5 {[%clk 1:30:27]} 6. O-O {[%clk
1:27:31]} c6 {[%clk 1:30:22]} 7. d4 {[%clk 1:26:33]} e6 {[%clk 1:29:33]} 8. Ne2
{[%clk 1:22:24]} Qc7 {[%clk 1:24:59]} 9. c3 {[%clk 1:18:04]} Bd6 {[%clk
1:23:26]} 10. Ng3 {[%clk 1:15:44]} Bg6 {[%clk 1:22:33]} 11. Re1 {[%clk
1:13:05]} Nbd7 {[%clk 1:20:50]} 12. Ng5 {[%clk 1:05:21]} h6 {[%clk 1:05:31]}
13. Nh3 {[%clk 1:03:00]} O-O-O {[%clk 1:03:47]} 14. Bd3 {[%clk 0:56:55]} e5
{[%clk 0:58:52]} 15. Bxg6 {[%clk 0:53:40]} fxg6 {[%clk 0:58:58]} 16. Be3 {[%clk
0:52:33]} g5 {[%clk 0:52:04]} 17. dxe5 {[%clk 0:48:07]} Bxe5 {[%clk 0:50:50]}
18. Qa4 {[%clk 0:45:13]} Nb6 {[%clk 0:37:25]} 19. Qxa7 {[%clk 0:39:53]} Nfd5
{[%clk 0:37:00]} 20. Bxb6 {[%clk 0:38:20]} Nxb6 {[%clk 0:37:16]} 21. Rxe5
{[%clk 0:36:15]} Qxe5 {[%clk 0:36:43]} 22. Qxb6 {[%clk 0:36:17]} g4 {[%clk
0:36:52]} 23. f4 {[%clk 0:35:33]} Qd6 {[%clk 0:34:04]} 24. Ne4 {[%clk 0:33:26]}
Qc7 {[%clk 0:33:14]} 25. Qxc7+ {[%clk 0:33:23]} Kxc7 {[%clk 0:33:42]} 26. Nhf2
{[%clk 0:33:39]} Rhe8 {[%clk 0:33:15]} 27. Kf1 {[%clk 0:33:14]} h5 {[%clk
0:32:30]} 28. g3 {[%clk 0:33:19]} Rf8 {[%clk 0:32:17]} 29. Ke2 {[%clk 0:32:43]}
Rde8 {[%clk 0:30:12]} 30. Ke3 {[%clk 0:30:46]} g5 {[%clk 0:30:09]} 31. fxg5
{[%clk 0:30:04]} Rxf2 {[%clk 0:29:48]} 32. Kxf2 {[%clk 0:30:27]} Rxe4 {[%clk
0:30:12]} 33. Re1 {[%clk 0:30:48]} Rxe1 {[%clk 0:28:44]} 34. Kxe1 {[%clk
0:31:08]} Kd6 {[%clk 0:29:12]} 35. Ke2 {[%clk 0:31:23]} Ke5 {[%clk 0:29:39]}
36. Ke3 {[%clk 0:31:49]} Kf5 {[%clk 0:29:43]} 37. a4 {[%clk 0:32:08]} Kxg5
{[%clk 0:28:08]} 38. b4 {[%clk 0:32:32]} h4 {[%clk 0:28:05]} 39. c4 {[%clk
0:32:45]} hxg3 {[%clk 0:27:59]} 40. hxg3 {[%clk 0:33:08]} Kf5 {[%clk 0:28:21]}
41. b5 {[%clk 0:33:20]} cxb5 {[%clk 0:23:42]} 42. cxb5 {[%clk 0:33:44]} Ke5
{[%clk 0:24:03]} 43. a5 {[%clk 0:34:05]} Kd5 {[%clk 0:24:20]} 44. a6 {[%clk
0:34:29]} bxa6 {[%clk 0:24:42]} 45. bxa6 {[%clk 0:34:55]} Kc6 {[%clk 0:25:03]}
46. Kf4 {[%clk 0:35:19]} Kb6 {[%clk 0:25:23]} 47. Kxg4 {[%clk 0:35:45]} Kxa6
{[%clk 0:25:45]} 48. Kf5 {[%clk 0:36:06]} Kb7 {[%clk 0:26:14]} 49. Ke6 {[%clk
0:36:29]} 1-0

[Event "Deutsche Ländermeisterschaft 2021"]
[Site "Neumünster GER"]
[Date "2021.10.03"]
[Round "3"]
[White "Khanbekyan, Nare"]
[Black "Bräutigam, Katerina"]
[Result "0-1"]
[Termination "normal"]
[Board "6.7"]
[WhiteElo "1252"]
[BlackElo "1734"]
[WhiteClock "00:59:39"]
[BlackClock "00:02:59"]
[WhiteTeam "Mecklenburg-Vorpommern"]
[BlackTeam "Schleswig-Holstein"]
[PlyCount "92"]
[WhiteFideId "16270916"]
[BlackFideId "16242980"]
[EventCountry "GER"]
[EventRounds "7"]
[EventType "team-swiss"]
[EventDate "2021.10.01"]

1. e4 {[%clk 1:30:55]} e5 {[%clk 1:30:53]} 2. Nf3 {[%clk 1:31:13]} Nc6 {[%clk
1:31:17]} 3. d4 {[%clk 1:31:31]} exd4 {[%clk 1:31:40]} 4. Bc4 {[%clk 1:31:49]}
Nf6 {[%clk 1:32:04]} 5. e5 {[%clk 1:32:04]} d5 {[%clk 1:32:25]} 6. Bb5 {[%clk
1:32:09]} Ne4 {[%clk 1:32:41]} 7. Nxd4 {[%clk 1:32:19]} Bd7 {[%clk 1:32:58]} 8.
Bxc6 {[%clk 1:32:36]} bxc6 {[%clk 1:33:18]} 9. O-O {[%clk 1:32:54]} Bc5 {[%clk
1:33:40]} 10. f3 {[%clk 1:33:12]} Ng5 {[%clk 1:34:00]} 11. f4 {[%clk 1:33:32]}
Ne4 {[%clk 1:34:23]} 12. Be3 {[%clk 1:33:51]} Qb8 {[%clk 1:34:28]} 13. Qc1
{[%clk 1:31:59]} Qb6 {[%clk 0:45:08]} 14. c3 {[%clk 1:29:36]} a5 {[%clk
0:44:30]} 15. Kh1 {[%clk 1:25:40]} a4 {[%clk 0:37:29]} 16. Nc2 {[%clk 1:20:45]}
Bxe3 {[%clk 0:35:10]} 17. Nxe3 {[%clk 1:21:05]} Rb8 {[%clk 0:34:58]} 18. Nd1
{[%clk 1:16:04]} Bg4 {[%clk 0:23:29]} 19. b3 {[%clk 1:10:31]} Be2 {[%clk
0:17:27]} 20. Re1 {[%clk 1:07:24]} Bxd1 {[%clk 0:17:24]} 21. Rxe4 {[%clk
1:07:25]} dxe4 {[%clk 0:17:01]} 22. Qxd1 {[%clk 1:07:25]} axb3 {[%clk 0:16:59]}
23. axb3 {[%clk 1:05:18]} Qxb3 {[%clk 0:13:48]} 24. Qxb3 {[%clk 1:04:42]} Rxb3
{[%clk 0:14:08]} 25. Kg1 {[%clk 1:04:32]} e3 {[%clk 0:11:25]} 26. Kf1 {[%clk
1:04:22]} O-O {[%clk 0:05:10]} 27. Ke2 {[%clk 1:01:04]} Rfb8 {[%clk 0:05:13]}
28. Na3 {[%clk 0:58:37]} Ra8 {[%clk 0:05:20]} 29. Nc2 {[%clk 0:58:57]} Rxa1
{[%clk 0:05:35]} 30. Nxa1 {[%clk 0:59:23]} Rxc3 {[%clk 0:05:37]} 31. g3 {[%clk
0:58:30]} c5 {[%clk 0:05:23]} 32. Kf3 {[%clk 0:57:55]} c4 {[%clk 0:05:11]} 33.
Ke2 {[%clk 0:57:54]} Rc1 {[%clk 0:04:19]} 34. Kxe3 {[%clk 0:58:20]} Rxa1 {[%clk
0:02:47]} 35. Kd4 Ra4 36. Kc3 {[%clk 0:57:47]} Kf8 {[%clk 0:02:27]} 37. h3
{[%clk 0:57:32]} Ra3+ {[%clk 0:01:15]} 38. Kxc4 {[%clk 0:57:07]} Rxg3 {[%clk
0:01:34]} 39. h4 Rg4 {[%clk 0:01:41]} 40. Kd5 {[%clk 0:57:36]} Rxf4 {[%clk
0:01:41]} 41. h5 {[%clk 0:57:58]} Rf5 {[%clk 0:01:47]} 42. h6 {[%clk 0:58:19]}
gxh6 {[%clk 0:02:05]} 43. Ke4 {[%clk 0:58:43]} Rf1 {[%clk 0:02:15]} 44. Kd5
{[%clk 0:59:05]} h5 {[%clk 0:02:19]} 45. e6 {[%clk 0:59:23]} fxe6+ {[%clk
0:02:39]} 46. Kxe6 {[%clk 0:59:39]} h4 {[%clk 0:02:59]} 0-1

[Event "Deutsche Ländermeisterschaft 2021"]
[Site "Neumünster GER"]
[Date "2021.10.03"]
[Round "3"]
[White "Sickmann, Lisa"]
[Black "Chandrasekher, Ritu"]
[Result "0-1"]
[Termination "normal"]
[Board "6.8"]
[WhiteElo "1531"]
[BlackElo "1307"]
[WhiteClock "01:26:29"]
[BlackClock "01:04:37"]
[WhiteTeam "Schleswig-Holstein"]
[BlackTeam "Mecklenburg-Vorpommern"]
[PlyCount "42"]
[WhiteFideId "16267818"]
[BlackFideId "34609024"]
[EventCountry "GER"]
[EventRounds "7"]
[EventType "team-swiss"]
[EventDate "2021.10.01"]

1. e4 {[%clk 1:30:54]} e5 {[%clk 1:30:56]} 2. Nf3 {[%clk 1:31:19]} Nc6 {[%clk
1:31:21]} 3. Bb5 {[%clk 1:31:44]} a6 {[%clk 1:31:37]} 4. Ba4 {[%clk 1:32:10]}
Nf6 {[%clk 1:32:04]} 5. d3 {[%clk 1:32:37]} b5 {[%clk 1:31:53]} 6. Bb3 {[%clk
1:33:01]} Bc5 {[%clk 1:32:09]} 7. c3 {[%clk 1:33:17]} O-O {[%clk 1:31:41]} 8.
O-O {[%clk 1:33:37]} d6 {[%clk 1:31:56]} 9. h3 {[%clk 1:33:01]} h6 {[%clk
1:32:13]} 10. Re1 {[%clk 1:33:25]} Bd7 {[%clk 1:32:02]} 11. d4 {[%clk 1:33:40]}
Bb6 {[%clk 1:29:27]} 12. Bd5 {[%clk 1:33:19]} exd4 {[%clk 1:26:03]} 13. Nxd4
{[%clk 1:29:51]} Nxd5 {[%clk 1:22:09]} 14. Nxc6 {[%clk 1:28:41]} Bxc6 {[%clk
1:22:19]} 15. exd5 {[%clk 1:29:00]} Bb7 {[%clk 1:22:08]} 16. Na3 {[%clk
1:28:39]} Qf6 {[%clk 1:20:38]} 17. Be3 {[%clk 1:28:42]} Bxe3 {[%clk 1:16:23]}
18. Rxe3 {[%clk 1:29:03]} Rfe8 {[%clk 1:16:33]} 19. Nc2 {[%clk 1:29:09]} Qg5
{[%clk 1:11:27]} 20. Rxe8+ {[%clk 1:26:02]} Rxe8 {[%clk 1:11:38]} 21. Ne3
{[%clk 1:26:29]} Qe5 {[%clk 1:04:37]} 0-1

[Event "Deutsche Ländermeisterschaft 2021"]
[Site "Neumünster GER"]
[Date "2021.10.03"]
[Round "3"]
[White "Roseneck, Jonas"]
[Black "Degenhard, Simon"]
[Result "1-0"]
[Termination "normal"]
[Board "7.1"]
[WhiteTitle "FM"]
[BlackTitle "FM"]
[WhiteElo "2403"]
[BlackElo "2220"]
[WhiteClock "00:29:03"]
[BlackClock "00:23:45"]
[WhiteTeam "Sachsen-Anhalt"]
[BlackTeam "Württemberg"]
[PlyCount "85"]
[WhiteFideId "12939870"]
[BlackFideId "12944017"]
[EventCountry "GER"]
[EventRounds "7"]
[EventType "team-swiss"]
[EventDate "2021.10.01"]

1. e4 e5 {[%clk 1:30:53]} 2. Nf3 {[%clk 1:31:25]} Nc6 {[%clk 1:31:13]} 3. Bb5
{[%clk 1:31:54]} a6 4. Ba4 Nf6 {[%clk 1:31:51]} 5. O-O {[%clk 1:32:51]} b5
{[%clk 1:32:13]} 6. Bb3 {[%clk 1:33:20]} Bb7 {[%clk 1:32:32]} 7. Nc3 {[%clk
1:25:26]} Be7 {[%clk 1:30:36]} 8. d3 {[%clk 1:25:52]} d6 {[%clk 1:29:28]} 9. a3
{[%clk 1:26:08]} O-O {[%clk 1:29:12]} 10. Ne2 {[%clk 1:25:46]} Qd7 {[%clk
1:24:29]} 11. Ng3 {[%clk 1:24:51]} Rfe8 {[%clk 1:20:23]} 12. c3 {[%clk
1:21:28]} h6 {[%clk 1:16:37]} 13. Re1 {[%clk 1:11:32]} Bf8 {[%clk 1:16:01]} 14.
d4 {[%clk 1:03:58]} exd4 {[%clk 0:59:31]} 15. cxd4 {[%clk 1:03:11]} Ne7 {[%clk
0:53:50]} 16. Bc2 {[%clk 0:50:56]} c5 {[%clk 0:50:14]} 17. d5 {[%clk 0:48:50]}
Ng6 {[%clk 0:49:54]} 18. h3 {[%clk 0:44:14]} Bc8 {[%clk 0:47:00]} 19. b3 {[%clk
0:38:56]} Qd8 {[%clk 0:45:31]} 20. Nh2 {[%clk 0:35:15]} Ra7 {[%clk 0:32:39]}
21. Bb2 {[%clk 0:32:23]} Nh7 {[%clk 0:30:52]} 22. Rf1 {[%clk 0:24:27]} Be7
{[%clk 0:27:39]} 23. Nh5 {[%clk 0:19:01]} Nf6 {[%clk 0:27:26]} 24. f4 {[%clk
0:19:07]} Nxh5 {[%clk 0:25:05]} 25. Qxh5 {[%clk 0:19:35]} Bf6 {[%clk 0:24:29]}
26. e5 {[%clk 0:19:30]} dxe5 {[%clk 0:23:03]} 27. Bxg6 {[%clk 0:19:50]} fxg6
{[%clk 0:23:07]} 28. Qxg6 {[%clk 0:20:17]} Rae7 {[%clk 0:03:48]} 29. fxe5
{[%clk 0:18:36]} Rxe5 {[%clk 0:04:03]} 30. Bxe5 {[%clk 0:18:46]} Rxe5 {[%clk
0:04:24]} 31. Ng4 {[%clk 0:09:57]} Bxg4 {[%clk 0:04:26]} 32. Qxg4 {[%clk
0:10:23]} Rxd5 {[%clk 0:03:58]} 33. Rae1 {[%clk 0:10:44]} Qd7 {[%clk 0:03:04]}
34. Qg6 {[%clk 0:09:06]} Re5 {[%clk 0:02:59]} 35. Rxe5 {[%clk 0:06:37]} Qd4+
{[%clk 0:02:42]} 36. Kh1 {[%clk 0:07:07]} Qxe5 {[%clk 0:02:57]} 37. Qg4 {[%clk
0:07:34]} Be7 {[%clk 0:02:42]} 38. g3 {[%clk 0:04:13]} Bd6 {[%clk 0:02:28]} 39.
Kg2 {[%clk 0:04:39]} Qd5+ {[%clk 0:02:26]} 40. Qf3 {[%clk 0:04:34]} Qe5 {[%clk
0:02:28]} 41. Rf2 {[%clk 0:29:14]} Qg5 {[%clk 0:23:38]} 42. Re2 {[%clk
0:28:47]} Kh7 {[%clk 0:23:45]} 43. Qd3+ {[%clk 0:29:03]} 1-0

[Event "Deutsche Ländermeisterschaft 2021"]
[Site "Neumünster GER"]
[Date "2021.10.03"]
[Round "3"]
[White "Geltz, Noah"]
[Black "Post, Hugo"]
[Result "1-0"]
[Termination "normal"]
[Board "7.2"]
[WhiteElo "2088"]
[BlackElo "2188"]
[WhiteClock "00:03:01"]
[BlackClock "00:01:01"]
[WhiteTeam "Württemberg"]
[BlackTeam "Sachsen-Anhalt"]
[PlyCount "79"]
[WhiteFideId "16224256"]
[BlackFideId "12962490"]
[EventCountry "GER"]
[EventRounds "7"]
[EventType "team-swiss"]
[EventDate "2021.10.01"]

1. e4 {[%clk 1:30:55]} c5 {[%clk 1:30:57]} 2. Nf3 {[%clk 1:31:16]} d6 {[%clk
1:31:18]} 3. d4 {[%clk 1:31:34]} cxd4 {[%clk 1:31:42]} 4. Nxd4 {[%clk 1:31:53]}
Nf6 {[%clk 1:31:38]} 5. Nc3 {[%clk 1:28:49]} g6 {[%clk 1:31:59]} 6. Bc4 {[%clk
1:24:43]} Bg7 {[%clk 1:31:19]} 7. f3 {[%clk 1:23:58]} O-O {[%clk 1:30:27]} 8.
Be3 {[%clk 1:22:48]} Nc6 {[%clk 1:30:46]} 9. Qd2 {[%clk 1:21:07]} Nd7 {[%clk
1:29:01]} 10. Bb3 {[%clk 1:16:13]} Na5 {[%clk 1:24:16]} 11. Bh6 {[%clk
1:08:15]} Ne5 {[%clk 1:20:03]} 12. Bxg7 {[%clk 1:08:31]} Kxg7 {[%clk 1:20:31]}
13. O-O-O {[%clk 1:07:10]} Bd7 {[%clk 1:17:10]} 14. Kb1 {[%clk 1:01:14]} Rc8
{[%clk 1:14:40]} 15. f4 {[%clk 0:59:01]} Nec4 {[%clk 1:12:54]} 16. Qe2 {[%clk
0:55:05]} Rc5 {[%clk 1:07:55]} 17. f5 {[%clk 0:51:50]} e5 {[%clk 1:04:28]} 18.
Bxc4 {[%clk 0:49:04]} Nxc4 {[%clk 0:43:17]} 19. Nb3 {[%clk 0:48:00]} Rc8 {[%clk
0:43:03]} 20. g4 {[%clk 0:41:54]} a5 {[%clk 0:39:24]} 21. Nd5 {[%clk 0:39:05]}
f6 {[%clk 0:34:23]} 22. Nd2 {[%clk 0:33:53]} Bb5 {[%clk 0:31:49]} 23. Nxc4
{[%clk 0:33:28]} Bxc4 {[%clk 0:31:15]} 24. Qd2 {[%clk 0:32:01]} Bxd5 {[%clk
0:24:40]} 25. Qxd5 {[%clk 0:32:24]} Qc7 {[%clk 0:24:54]} 26. Rd2 {[%clk
0:30:28]} Rfd8 {[%clk 0:24:12]} 27. h4 {[%clk 0:25:59]} Qc6 {[%clk 0:22:23]}
28. Qd3 {[%clk 0:23:26]} Qc4 {[%clk 0:20:05]} 29. Qf3 {[%clk 0:21:17]} d5
{[%clk 0:13:22]} 30. exd5 {[%clk 0:18:50]} e4 {[%clk 0:08:46]} 31. Qb3 {[%clk
0:15:41]} a4 {[%clk 0:03:34]} 32. Qxb7+ {[%clk 0:09:27]} Rc7 {[%clk 0:03:50]}
33. Qb6 {[%clk 0:09:45]} Rxd5 {[%clk 0:03:22]} 34. Qe3 {[%clk 0:06:16]} a3
{[%clk 0:02:23]} 35. g5 {[%clk 0:03:19]} Qb4 {[%clk 0:01:08]} 36. gxf6+ {[%clk
0:03:07]} Kf7 {[%clk 0:00:44]} 37. c3 {[%clk 0:03:14]} Qb5 {[%clk 0:00:41]} 38.
Qh6 {[%clk 0:02:13]} Kxf6 {[%clk 0:00:40]} 39. Qg5+ {[%clk 0:02:37]} Kg7 {[%clk
0:01:01]} 40. f6+ {[%clk 0:03:01]} 1-0

[Event "Deutsche Ländermeisterschaft 2021"]
[Site "Neumünster GER"]
[Date "2021.10.03"]
[Round "3"]
[White "Haubold, Sebastian Marcel"]
[Black "Ensslinger, Colin"]
[Result "1-0"]
[Termination "normal"]
[Board "7.3"]
[WhiteElo "1884"]
[BlackElo "1708"]
[WhiteClock "00:10:48"]
[BlackClock "00:53:05"]
[WhiteTeam "Sachsen-Anhalt"]
[BlackTeam "Württemberg"]
[PlyCount "69"]
[WhiteFideId "16259637"]
[BlackFideId "16226011"]
[EventCountry "GER"]
[EventRounds "7"]
[EventType "team-swiss"]
[EventDate "2021.10.01"]

1. e4 {[%clk 1:30:57]} c5 {[%clk 1:30:59]} 2. Nf3 {[%clk 1:31:19]} e6 {[%clk
1:31:26]} 3. d4 {[%clk 1:31:42]} cxd4 {[%clk 1:31:54]} 4. Nxd4 {[%clk 1:32:02]}
Nf6 {[%clk 1:32:19]} 5. Nc3 {[%clk 1:32:23]} d6 {[%clk 1:32:42]} 6. Be3 {[%clk
1:32:03]} a6 {[%clk 1:33:00]} 7. Be2 {[%clk 1:32:23]} b5 {[%clk 1:33:25]} 8. a3
{[%clk 1:31:45]} Bb7 {[%clk 1:33:50]} 9. f3 {[%clk 1:25:36]} Nbd7 {[%clk
1:34:14]} 10. g4 {[%clk 1:21:50]} h6 {[%clk 1:34:07]} 11. Qd2 {[%clk 1:10:04]}
d5 {[%clk 1:33:32]} 12. exd5 {[%clk 1:06:43]} Nxd5 {[%clk 1:33:46]} 13. Nxd5
{[%clk 1:06:15]} Bxd5 {[%clk 1:34:09]} 14. O-O-O {[%clk 1:04:49]} Be7 {[%clk
1:33:23]} 15. Nf5 {[%clk 0:56:10]} O-O {[%clk 1:32:34]} 16. Kb1 {[%clk
0:39:34]} Bg5 {[%clk 1:22:36]} 17. Bxg5 {[%clk 0:36:03]} hxg5 {[%clk 1:22:58]}
18. Qb4 {[%clk 0:28:39]} Ba2+ {[%clk 1:05:51]} 19. Kxa2 {[%clk 0:28:58]} exf5
{[%clk 1:06:18]} 20. gxf5 {[%clk 0:20:37]} Qc7 {[%clk 1:01:23]} 21. Bd3 {[%clk
0:18:55]} Nc5 {[%clk 1:00:34]} 22. h4 {[%clk 0:15:56]} Nxd3 {[%clk 1:00:01]}
23. cxd3 {[%clk 0:16:18]} Qf4 {[%clk 0:57:36]} 24. hxg5 {[%clk 0:16:26]} Qxg5
{[%clk 0:55:40]} 25. Rdg1 {[%clk 0:16:40]} Qf6 {[%clk 0:56:06]} 26. Rg2 {[%clk
0:14:41]} Qxf5 {[%clk 0:54:21]} 27. Qh4 {[%clk 0:14:50]} f6 {[%clk 0:54:36]}
28. Qh8+ {[%clk 0:14:02]} Kf7 {[%clk 0:55:01]} 29. Qxg7+ {[%clk 0:14:28]} Ke6
{[%clk 0:55:21]} 30. Re2+ {[%clk 0:14:46]} Kd5 {[%clk 0:55:00]} 31. Qb7+ {[%clk
0:13:48]} Kd6 {[%clk 0:55:20]} 32. Qe7+ {[%clk 0:13:36]} Kd5 {[%clk 0:55:44]}
33. Rh7 {[%clk 0:11:42]} Rfc8 {[%clk 0:54:01]} 34. Qf7+ {[%clk 0:10:40]} Kd6
{[%clk 0:53:05]} 35. Rh5 {[%clk 0:10:48]} 1-0